MARC

LEADER 00000nam0a2200000 4500
001 365553
005 20231102011809.0
035 |a (RuTPU)RU\TPU\retro\22916 
035 |a RU\TPU\retro\22904 
090 |a 365553 
100 |a 20220113d1959 k y0rusy50 ca 
101 0 |a rus 
102 |a RU 
105 |a af z 001zy 
200 1 |a Сборник статей по геологии докембрия Алдана, Восточного Саяна и Северного Приладожья  |f Академия наук СССР, Институт геологических наук ; Под ред. А. А. Полканова ; под ред. Н. Г. Судовикова 
210 |a Москва  |a Ленинград  |c Изд-во АН СССР  |d 1959 
215 |a 388 стр. 
225 1 |a Труды Лаборатории геологии докембрия  |v Вып. 8 
320 |a Библиогр. в конце ст. 
606 1 |a Докембрий  |2 stltpush  |3 (RuTPU)RU\TPU\subj\67322  |9 83166 
606 1 |a Геология  |2 stltpush  |3 (RuTPU)RU\TPU\subj\6095  |9 34054 
610 1 |a Алданский горнопромышленный район 
610 1 |a стратиграфия 
610 1 |a иенгрская серия 
610 1 |a тектоника 
610 1 |a складчатые структуры 
610 1 |a петрография 
610 1 |a метаморфизм 
610 1 |a архейские образования 
610 1 |a железо-магнезиально-кальциевый метасоматоз 
610 1 |a ультраметаморфизм 
610 1 |a железорудные месторождения 
610 1 |a Хамар-Дабан 
610 1 |a Обрубское месторождение 
610 1 |a карбонатные породы 
610 1 |a Ладожская формация 
675 |a 55(571.1/.5)  |v 3 
702 1 |a Полканов  |b А. А.  |c петрограф  |c геолог  |f 1888-1963  |g Александр Алексеевич  |2 stltpush  |3 (RuTPU)RU\TPU\pers\23902  |4 340  |9 10546 
702 1 |a Судовиков  |b Н. Г.  |4 340 
712 0 2 |a Академия наук СССР  |b Институт геологических наук  |c (Ленинград/Москва)  |c (1937-1956)  |2 stltpush  |3 (RuTPU)RU\TPU\col\15163  |9 26091 
801 0 |a RU  |b 63413507  |c 20011210  |g PSBO 
801 2 |a RU  |b 63413507  |c 20220207  |g PSBO 
942 |c BK